Elementos de la auditoría en informática para centros de cómputo /

Tallennettuna:
Bibliografiset tiedot
Päätekijä: Canales Mares, Jorge (autor)
Aineistotyyppi: Opinnäyte Kirja
Kieli:espanja
Julkaistu: Guadalajara, México : edición de autor, 1996
Aiheet:
Tagit: Lisää tagi
Ei tageja, Lisää ensimmäinen tagi!

MARC

LEADER 00000nam^a2200000^a^4500
001 000047991
005 20250521000000.0
009 20260310090113.143
037 |a Acervo ITESO - Biblioteca 
041 |a ESP 
090 |a LIA. 8 
100 |a Canales Mares, Jorge  |e (autor) 
245 1 0 |a Elementos de la auditoría en informática para centros de cómputo /  |c J. Canales Mares. 
264 1 |a Guadalajara, México :  |b edición de autor,  |c 1996 
300 |a 82 p. 
336 |a texto  |b txt  |2 rdacontenido 
337 |a sin mediación  |b n  |2 rdamedio 
338 |a volumen  |b nc  |2 rdasoporte 
502 |a ITESO Tesis de Licenciatura en Informática Administrativa 
649 |a XX 
650 |a Centros de Cómputo 
650 |a Auditoría Informática 
650 |a Administración 
650 |a Ciencias Administrativas 
650 |a Ingeniería Computacional 
910 |a Fondo General 
920 |a Impresos - Tesis del ITESO 
930 |a Colección General 
905 |a 104 
901 |a 0500003211  |b IT2  |c TSS  |u 20250521 
902 |a https://opac.biblio.iteso.mx/vufind/Record/000047991